000 01357nam a2200349 i 4500
005 20211120125713.0
008 210407s2019 cc a|||g ||| ||0 1 chi d
020 _a9787544280020
_cRM 54.50
_qhardback
040 _aPPAK
_beng
_cPPAK
_erda
041 _achi
_hjpn
082 0 4 _223
_a895.635
090 0 0 _a895.635
_bGEN
_dG
100 1 _6880-01
_aGensaburo, Yoshino,
_d1899-1981
_eauthor.
240 1 0 _aWhat life you want to have.
_lChinese
245 1 0 _6880-02
_aNi xiang huo chu zenyang de rensheng /
_c(Japanese) Yoshino Gensaburo; (Japanese) Wakita Kazue; Shi shi translation
246 3 3 _6880-03
_aKimitachi wa dou ikiruka
264 1 _aHai kou, China :
_bNan Hai Press ,
_c2019
300 _a261 pages :
_billustrations (black and white) ;
_c21 cm.
336 _atext
_2rdacontent
337 _aunmediated
_2rdamedia
338 _avolume
_2rdacarrier
546 _aText in simplified Chinese scripts.
650 1 0 _aJapanese fiction
_xTranslations into Chinese.
700 1 _6880-04
_aWakita, Kazue,
_d1908-2005
_eillustrator.
700 1 _6880-05
_aShi shi,
_etranslator.
880 1 _6100-01
_a(日)吉野源三郎
_d1899-1981
_e
880 1 0 _6245-02
_a你想活出怎样的人生
880 3 3 _6246-03
_a君たちはどう生きるか
880 1 _6700-04
_a(日)胁田和
_d1908-2005
_e
880 1 _6700-05
_a史诗
_e
942 _2ddc
_cB
999 _c183308
_d183308